Tilastot visalle Suomen joukkueen pelaajat jääkiekon MM-kisoissa 1995

Klikkaa tästä pelataksesi tätä visaa!

Yleistilastot

  • Tätä visaa on pelattu 58 kertaa
  • Keskiarvotulos 13 / 23

Vastaustilastot

PelipaikkaPelinumeroPelaaja% Oikein
H11Saku Koivu
96%
MV35Jarmo Myllys
87%
P5Timo Jutila
85%
H16Ville Peltonen
84%
H20Jere Lehtinen
82%
MV30Jukka Tammi
64%
H14Raimo Helminen
64%
H24Sami Kapanen
60%
P6Janne Niinimaa
60%
MV31Ari Sulander
58%
P3Petteri Nummelin
55%
H52Raimo Summanen
51%
P2Marko Kiprusoff
51%
H40Mika Nieminen
47%
H8Janne Ojanen
42%
P23Hannu Virta
42%
H15Antti Törmänen
40%
H27Tero Lehterä
40%
H13Marko Palo
36%
P26Mika Strömberg
36%
H9Esa Keskinen
35%
P4Erik Hämäläinen
33%
H21Juha Ylönen
25%

Tulosjakauma

Persentiili vastausten määrän mukaan

Jokaisen tuloksen saaneiden osuus

Tuloshistoriasi

Et ole pelannut tätä visaa